书目信息 |
| 题名: |
C++函数实用手册
|
|
| 作者: | 张曜 , 郭立山 , 谭超强 编著 | |
| 分册: | ||
| 出版信息: | 北京 冶金工业出版社 2003.05 |
|
| 页数: | 470页 | |
| 开本: | 20cm | |
| 丛书名: | ||
| 单 册: | ||
| 中图分类: | TP312C | |
| 科图分类: | ||
| 主题词: | 软件 | |
| 电子资源: | ||
| ISBN: | 7-5024-3245-0 | |
| 000 | 00670nam0 2200217 45 | |
| 001 | 0435340100 | |
| 005 | 2004052009485961 | |
| 010 | @a7-5024-3245-0@dCNY 59.00 | |
| 100 | @a20040520d2003 km y0chiy0120 ea | |
| 101 | 0 | @achi |
| 102 | @aCN@b110000 | |
| 200 | 1 | @aC++函数实用手册@AC++Han Shu Shi Yong Shou Ce@f张曜,郭立山,谭超强编著@FZhang Yao,Guo Li Shan,Tan Chao Qiang Bian Zhu |
| 210 | @a北京@c冶金工业出版社@d2003.05 | |
| 215 | @a470页@d20cm | |
| 606 | 0 | @a软件 |
| 690 | @aTP312C@v4 | |
| 701 | 0 | @a张曜@AZhang Yao@4编著 |
| 701 | 0 | @a郭立山@AGuo Li Shan@4编著 |
| 701 | 0 | @a谭超强@ATan Chao Qiang@4编著 |
| 801 | 0 | @aCN@bPFT@c20040520 |
| 905 | @a安徽大学@dTP312C@eZ226 | |
| C++函数实用手册/张曜,郭立山,谭超强编著.-北京:冶金工业出版社,2003.05 |
| 470页;20cm |
| ISBN 7-5024-3245-0:CNY 59.00 |
| ● |
| 相关链接 |
|
|
|
正题名:C++函数实用手册
索取号:TP312C/Z226
 
预约/预借
| 序号 | 登录号 | 条形码 | 馆藏地/架位号 | 状态 | 备注 |
| 1 | 376187 | 203761875 | 期刊室512/301自科库 55排1列4层/ [索取号:TP312C/Z226] | 在馆 | |
| 2 | 376188 | 203761884 | 自科库301/301自科库 55排1列4层/ [索取号:TP312C/Z226] | 在馆 |